|
|
|
|
| LEADER |
00000nab a2200000 a 4500 |
| 001 |
vtls011721715 |
| 003 |
SK-MaSNL |
| 005 |
20260318122121.0 |
| 008 |
171121c2017 xo br p ||00 c0ukr |
| 015 |
|
|
|a SNBRB2017/11
|
| 038 |
|
|
|a SVKPOCL
|
| 040 |
|
|
|a SVKPOCL
|b slo
|c SVKPOCL
|e AACR2
|
| 041 |
0 |
|
|a ukr
|
| 044 |
|
|
|a xo
|c SK
|
| 080 |
|
|
|a 82(=161.25):316.346.32-053.2
|2 2011
|
| 080 |
|
|
|a (072):811.161.25
|2 2011
|
| 080 |
|
|
|a 316.346.32-053.2
|2 2011
|
| 080 |
|
|
|a 599.744.21(072)
|2 2011
|
| 100 |
1 |
|
|a Citriaková, Zdenka,
|d 1990-
|4 aut
|9 174528
|
| 245 |
1 |
0 |
|a Čom dakotrў zvirjata cjilu zymu perespljať?
|c [Zdenka Citrjakova] ; [ilustratorka Eva Ilkovičova]
|
| 246 |
3 |
3 |
|a Čom dakotrŷ zvirjata cjilu zymu perespljať ?
|
| 300 |
|
|
|a Obr.
|
| 500 |
|
|
|a Text pripravila Zdenka Citrjakova
|
| 500 |
|
|
|a V rubrike Čom je to tak?
|
| 500 |
|
|
|a Spracované podľa knihy Všetko, čo chceš vedieť. Encyklopédia pre poznávajúce deti, 2012
|
| 650 |
0 |
7 |
|a medvede
|2 SNKPH
|9 16764
|
| 650 |
0 |
7 |
|a náučná literatúra pre deti a mládež
|2 SNKPH
|9 162162
|
| 650 |
0 |
7 |
|a krátky náučný text
|2 svkpocl
|9 1191710
|
| 700 |
1 |
|
|a Potfajová, Eva,
|d 1952-
|4 ill
|9 262314
|
| 773 |
0 |
|
|t Kolўsočka : dvojmisjačnўj časopys pro rusyn'skў djity
|g Roč. I, č. 1-2 (2017), s. 7
|x 2585-7045
|
| 852 |
|
|
|a SVKPO
|b KIS3GCP
|
| 856 |
4 |
2 |
|y Elektronický archív časopisu je na: https://issuu.com/www.rusinskyjazyk.sk/docs/kolyso__ka_1-2
|
| 958 |
|
|
|a RN
|
| 958 |
|
|
|a SK
|
| 958 |
|
|
|a SS
|
| 958 |
|
|
|a LX
|
| 999 |
|
|
|c 3269247
|d 3271177
|